000 00692nam a2200229 a 4500
008
020 _a0198538227 (cased)
049 _aMAIN
090 _aQA76.73.P76
_bDOD
100 1 _aDodd, Tony A.
245 1 0 _aProlog :
_ba logical approach /
_cTony Dodd.
260 _aOxford [England] :
_bOxford University Press,
_c1990.
300 _axii, 556 p. :
_bill. ;
_c24 cm.
504 _aIncludes bibliographical references.
500 _aIncludes index.
650 0 _aProlog (Computer program language).
907 _a.b10031765
_b19-03-12
_c17-04-03
003
005 20230123133151.0
040 _cNUST
942 _cBOOKS
_kQA76.73.P76
_mDOD
999 _c143903
_d143903